Системы автоматического управления электроэнергетическими объектами предприятий: электронный курс
| Hovedforfatter: | |
|---|---|
| Institution som forfatter: | |
| Summary: | Заглавие с экрана Курс предназначен для подготовки бакалавров по направлению 13.03.02 в 8 семестре по очной форме обучения. Цели освоения дисциплины: формирование у обучающихся знаний структуры и работы канала сбора и обработки данных, а также программного обеспечения сопровождающего работу канала сбора. Дисциплина является специальной, и входит, как составная часть в процесс познания всех специальных дисциплин. Доступ по логину и паролю |
| Sprog: | russisk |
| Udgivet: |
Томск, TPU Moodle, 2020
|
| Fag: | |
| Online adgang: | https://design.lms.tpu.ru/course/view.php?id=3810 |
| Format: | Electronisk Bog |
| KOHA link: | https://koha.lib.tpu.ru/cgi-bin/koha/opac-detail.pl?biblionumber=666600 |
MARC
| LEADER | 00000nlm0a2200000 4500 | ||
|---|---|---|---|
| 001 | 666600 | ||
| 005 | 20240122150638.0 | ||
| 035 | |a (RuTPU)RU\TPU\network\37804 | ||
| 035 | |a RU\TPU\network\37803 | ||
| 090 | |a 666600 | ||
| 100 | |a 20220113d2020 m y0rusy50 ca | ||
| 101 | 0 | |a rus | |
| 102 | |a RU | ||
| 105 | |a a j 000zy | ||
| 135 | |a jrcn ---uucaa | ||
| 181 | 0 | |a i | |
| 182 | 0 | |a b | |
| 200 | 1 | |a Системы автоматического управления электроэнергетическими объектами предприятий |e электронный курс |f Е. А. Шутов |g Национальный исследовательский Томский политехнический университет, Инженерная школа энергетики, Отделение электроэнергетики и электротехники | |
| 203 | |a Текст |c электронный | ||
| 210 | |a Томск |c TPU Moodle |d 2020 | ||
| 300 | |a Заглавие с экрана | ||
| 330 | |a Курс предназначен для подготовки бакалавров по направлению 13.03.02 в 8 семестре по очной форме обучения. Цели освоения дисциплины: формирование у обучающихся знаний структуры и работы канала сбора и обработки данных, а также программного обеспечения сопровождающего работу канала сбора. Дисциплина является специальной, и входит, как составная часть в процесс познания всех специальных дисциплин. | ||
| 333 | |a Доступ по логину и паролю | ||
| 606 | 1 | |a Электрические установки промпредприятий |x Автоматическое управление |2 stltpush |3 (RuTPU)RU\TPU\subj\27717 |9 51427 | |
| 610 | 1 | |a электронный ресурс | |
| 610 | 1 | |a труды учёных ТПУ | |
| 610 | 1 | |a электронное обучение | |
| 610 | 1 | |a электронные курсы ТПУ | |
| 610 | 1 | |a электронные учебные пособия | |
| 610 | 1 | |a учебные пособия | |
| 610 | 1 | |a обработка данных | |
| 610 | 1 | |a управление | |
| 610 | 1 | |a объекты | |
| 610 | 1 | |a электроснабжение | |
| 675 | |a 658.26:621.31-52я73 |v 3 | ||
| 700 | 1 | |a Шутов |b Е. А. |c специалист в области электроэнергетики |c доцент Томского политехнического университета, кандидат технических наук |f 1963- |g Евгений Алексеевич |3 (RuTPU)RU\TPU\pers\26338 |9 12091 | |
| 712 | 0 | 2 | |a Национальный исследовательский Томский политехнический университет |b Инженерная школа энергетики |b Отделение электроэнергетики и электротехники |3 (RuTPU)RU\TPU\col\23505 |
| 801 | 2 | |a RU |b 63413507 |c 20220712 |g RCR | |
| 856 | 4 | |u https://design.lms.tpu.ru/course/view.php?id=3810 | |
| 942 | |c CF | ||